|
|
|
|
| LEADER |
01706nam a2200337 a 4500 |
| 001 |
16878617 |
| 008 |
121008s2011 njua 001 0 eng d |
| 010 |
|
|
|a 2011934630
|
| 020 |
|
|
|a 9780470371725 (pbk.)
|
| 020 |
|
|
|a 9781118054581
|
| 020 |
|
|
|a 9781118121672
|
| 020 |
|
|
|a 9781118121689
|
| 020 |
|
|
|a 0470371722 (pbk.)
|
| 040 |
|
|
|a UKM
|c UKM
|d MCT
|d CBU
|d BTCTA
|d YDXCP
|d B@L
|d GK8
|d VP@
|d BWX
|d DLC
|d BD-DhAAL
|
| 082 |
0 |
4 |
|a 005.2762
|2 22
|
| 100 |
1 |
|
|a Lowe, Doug,
|d 1959-
|
| 245 |
1 |
0 |
|a Java all-in-one for dummies /
|c by Doug Lowe.
|
| 250 |
|
|
|a 3rd ed.
|
| 260 |
|
|
|a Hoboken, N.J. :
|b Wiley,
|c 2011.
|
| 300 |
|
|
|a xxviii, 880 p. :
|b ill. ;
|c 24 cm.
|
| 490 |
1 |
|
|a For dummies
|
| 500 |
|
|
|a Includes index.
|
| 500 |
|
|
|a "9 books in 1: Java Basics -- Programming Basics -- Object-Oriented Programming -- Strings, Arrays, and Collections -- Programming Techniques -- Swing -- Web Programming -- Files and Databases -- Fun and Games" --Cover.
|
| 541 |
1 |
|
|e 000260075
|
| 650 |
|
0 |
|a Java (Computer program language)
|
| 852 |
1 |
|
|a Ayesha Abed Library
|j General shelf
|
| 942 |
0 |
0 |
|0 1
|
| 999 |
|
|
|c 12896
|d 12896
|
| 952 |
|
|
|0 0
|1 0
|4 0
|6 005_276200000000000_LOW
|7 0
|9 21271
|a BRACUL
|b BRACUL
|c GEN
|d 2012-10-08
|e Karim International
|g 3100.00
|l 33
|m 321
|o 005.2762 LOW
|p 3010026075
|r 2024-06-10
|s 2024-05-30
|t 1
|w 2012-10-08
|y BK
|
| 952 |
|
|
|0 0
|1 0
|4 0
|6 005_276200000000000_LOW
|7 0
|9 21272
|a BRACUL
|b BRACUL
|c GEN
|d 2012-10-08
|e Karim International
|g 3100.00
|l 36
|m 338
|o 005.2762 LOW
|p 3010026076
|r 2025-06-22
|s 2025-04-08
|t 2
|w 2012-10-08
|y BK
|
| 952 |
|
|
|0 0
|1 2
|2 ddc
|4 0
|6 005_276200000000000_LOW
|7 0
|9 21273
|a BRACUL
|b BRACUL
|c GEN
|d 2012-10-08
|e Karim International
|g 3100.00
|l 18
|m 178
|o 005.2762 LOW
|p 3010026077
|q 2019-11-06
|r 2017-02-15
|s 2017-02-15
|t 3
|w 2012-10-08
|y BK
|